| 000 | 00628nam a22001697a 4500 | ||
|---|---|---|---|
| 008 | 170428b xxu||||| |||| 00| 0 eng d | ||
| 020 | _a9715502784 | ||
| 082 |
_21998 _aDFil 959.9027 _bB86 |
||
| 100 |
_920570 _aBuehler, Soledad B. |
||
| 245 |
_aThe Cry of Balintawak: _ba contrived controversy: a textual analysis with appended documents/ _cSoledad B. Buehler. |
||
| 260 |
_aQuezon City: _bADMU Press, _cc1998. |
||
| 300 |
_axiv, 221 pages; _c23 cm. |
||
| 500 | _aIncludes bibliographical references and index. | ||
| 650 | 0 |
_920573 _aPhilippines - History - Insurrection, 1896- 1898. |
|
| 365 |
_b357.50 _cPhp. |
||
| 942 |
_2ddc _cDFIL |
||
| 999 |
_c6791 _d6791 |
||